| 000 | 02223cam a22005294i 4500 | ||
|---|---|---|---|
| 003 | PE-LiUPU | ||
| 005 | 20250731165454.0 | ||
| 008 | 150623s1996 mau rb 000 0 eng d | ||
| 020 | _a0853647259 | ||
| 035 | _a(Sirsi) i9780853647256 | ||
| 040 |
_aPE-LiUPU _bspa _cPE-LiUPU _erda |
||
| 049 | _aPRUA | ||
| 100 | 1 |
_aWright, Christopher J. H., _eautor. |
|
| 245 | 1 | 0 |
_aDeuteronomy. _n4 / _cChristopher Wright. |
| 264 | 1 |
_aMassachusetts : _bHendrickson Publishers, _c1996. |
|
| 300 |
_a350 páginas ; _c21 centímetros. |
||
| 336 |
_atext _2rdacontent |
||
| 337 |
_aunmediated _2rdamedia |
||
| 338 |
_avolume _2rdacarrier |
||
| 490 | 0 |
_aew International Biblical Commentary. Old Testament Series ; _v4 |
|
| 504 | _aIncluye bibliografía. | ||
| 505 | 0 | _aDeuteronomy commentary. -For further reading. -Subject index. -Scripture index. | |
| 526 | _aSEG44 | ||
| 526 | _aSEG26 | ||
| 526 | _aP151 | ||
| 526 | _aP150 | ||
| 526 | _aP149 | ||
| 526 | _aP146 | ||
| 526 | _aP145 | ||
| 526 | _aP126 | ||
| 526 | _aP125 | ||
| 526 | _aP92 | ||
| 526 | _aP75 | ||
| 526 | _aP74 | ||
| 526 | _aP27 | ||
| 526 | _aP15 | ||
| 630 |
_aBiblia. _pA.T. _pDeuteronomio _xComentarios. |
||
| 942 |
_2ddc _cBOOK |
||
| 949 |
_aRC 221.077 NI 4 _wDEWEY _c1 _i44798 _lCCODEBUL1 _mBUL _r0 _sY _tBOOK _u2015-6-24 _xTEOLOGIA _zUNKNOWN _0COMPRA _o.CIRCNOTE. No olvidar cambiar la fecha de devolución!!!!!!! _o.STAFF. Colección General |
||
| 949 |
_aRC 221.077 NI 4 _wDEWEY _c2 _i46897 _d2015-10-6 _lCCODEBUL1 _mBUL _q1 _r0 _sY _tBOOK _u2015-6-24 _xTEOLOGIA _PP35 _0COMPRA _o.CIRCNOTE. No olvidar cambiar la fecha de devolución!!!!!!! _o.STAFF. Colección General |
||
| 994 |
_aC0 _bPEPRU |
||
| 596 | _a1 | ||
| 999 |
_aRC 221.077 NI 4 _wDEWEY _c21666 _i44798 _d21666 _f2021-11-8 _g6 _lCCODEBUL1 _mBUL _q1 _r1 _sY _tBOOK _u2015-6-24 _xTEOLOGIA _zUNKNOWN _0COMPRA _o.CIRCNOTE. No olvidar cambiar la fecha de devolución!!!!!!! _o.STAFF. Colección General |
||
| 999 |
_aRC 221.077 NI 4 _wDEWEY _c2 _i46897 _d2015-10-6 _f2021-11-8 _g6 _lCCODEBUL1 _mBUL _p20.00 _q1 _r1 _sY _tBOOK _u2015-6-24 _xTEOLOGIA _PP35 _0COMPRA _o.CIRCNOTE. No olvidar cambiar la fecha de devolución!!!!!!! _o.STAFF. Colección Teología |
||
| 980 |
_81 _gALBERTO SANCHEZ Responsable de Automatización |
||